Top 4 Brasileirão Série B - Statistics

Estatísticas Gerais
  • Esse quiz foi jogado 272 vezes
  • A pontuação média é 46 de 75
Estatísticas das Respostas
Resposta % Correto
Santos
97%
Vitória
97%
Botafogo
96%
Ceará
95%
Grêmio
95%
Sport
95%
Cruzeiro
94%
Palmeiras
94%
Avaí
93%
Corinthians
93%
Vasco
93%
Atlético Mineiro
92%
Bahia
92%
Fortaleza
92%
América-MG
91%
Atlético Goianiense
91%
Goiás
91%
Internacional
91%
Mirassol
91%
Coritiba
90%
Juventude
90%
Náutico
90%
Santa Cruz
90%
Criciúma
89%
Chapecoense
88%
Figueirense
87%
Athletico Paranaense
86%
Cuiabá
86%
Joinville
85%
Guarani
84%
Paysandu
84%
Ponte Preta
84%
Bragantino
83%
Remo
83%
Portuguesa
81%
CSA
79%
Paraná
77%
América-RN
75%
Villa Nova-MG
75%
Vila Nova
73%
Santo André
72%
Brasiliense
68%
Grêmio Barueri
66%
Gama
63%
Londrina
62%
Ipatinga
60%
Operário-MS
60%
Caxias
59%
Sampaio Corrêa
49%
Desportiva Ferroviária
42%
Ferroviária
38%
Juventus
38%
Tuna Luso
36%
Inter de Limeira
35%
Botafogo-SP
34%
Campinense
31%
União São João
31%
Botafogo-PB
29%
São José
28%
Marília
24%
Uberlândia
23%
Campo Grande
19%
Americano
18%
Brasília
17%
Uberaba
16%
Central
15%
Comercial-MS
15%
Anapolina
14%
Goytacaz
10%
Etti Jundiaí
9%
Mogi Mirim
9%
Itabaiana
8%
Inter de Santa Maria
7%
Catuense
5%
Alagoinhas
2%
Nenhum quiz correspondente encontrado
Distribuição das Pontuações
Porcentagem de Pessoas com Cada Pontuação
Percentil de Números Respondidos
Sua Pontuação Histórica
Você não jogou esse quiz